| 000 | 00624nam a2200205Ia 4500 | ||
|---|---|---|---|
| 005 | 20260429112014.0 | ||
| 008 | 260429s9999||||xx |||||||||||||| ||und|| | ||
| 020 | _a9781032717876 | ||
| 041 | _aEnglish | ||
| 082 |
_a370.15 _bMCG |
||
| 100 | _aMcgillicuddy, Deirdre | ||
| 245 | 0 |
_aEducaring from the heart : _bhow to nurture your wellbeing and re-discover your purpose in education / _cDeirdre Mcgillicuddy |
|
| 250 | _a1st ed. | ||
| 260 |
_aNew Delhi : _bRoutledge, _c2024. |
||
| 300 | _ax, 138 p.; pbk | ||
| 650 | _a Education | ||
| 650 | _a Professional development | ||
| 650 | _aTeacher wellbeing | ||
| 942 | _cTB | ||
| 999 |
_c51847 _d51847 |
||